Союзные Советские Социалистические Республики - Statistics

General Stats
  • This quiz has been taken 161 times
  • The average score is 13 of 15
Answer Stats
Республика % Correct
Казахская
97%
Украинская
96%
Российская
95%
Латвийская
91%
Литовская
91%
Белорусская
90%
Эстонская
89%
Армянская
83%
Узбекская
81%
Азербайджанская
80%
Грузинская
79%
Таджикская
79%
Киргизская
76%
Молдавская
75%
Туркменская
73%
No matching quizzes found
Score Distribution
Percent of People with Each Score
Percentile by Number Answered
Your Score History
You have not taken this quiz